Makroekonomický dynamický model ekonomiky SR
Teoreticý základ dynamického akceleračno-multiplikačného modelu. Analýza a prejekcia HDP.
Salvato in:
| Autore principale: | |
|---|---|
| Natura: | Capitolo di libro |
| Lingua: | slovacco |
| Soggetti: | |
| Tags: |
Nessun Tag, puoi essere il primo ad aggiungerne!!
|
MARC
| LEADER | 00000naa$a2200000$$$4500 | ||
|---|---|---|---|
| 001 | 0075457 | ||
| 005 | 20231102124358.0 | ||
| 041 | 0 | |a slo | |
| 044 | |a SK | ||
| 245 | 1 | 0 | |a Makroekonomický dynamický model ekonomiky SR |c Jaroslav Husár |
| 520 | |a Teoreticý základ dynamického akceleračno-multiplikačného modelu. Analýza a prejekcia HDP. | ||
| 610 | 2 | 0 | |a modely makroekonomické |
| 610 | 2 | 0 | |a modely ekonomicko-matematické |
| 610 | 2 | 0 | |a Slovensko |
| 610 | 2 | 0 | |a vývoj hospodársky |
| 610 | 2 | 0 | |a produkt domáci hrubý |
| 610 | 2 | 0 | |a ukazovatele makroekonomické |
| 100 | 1 | |a Husár, Jaroslav | |